000 00489nam a2200181Ia 4500
001 23291
005 20260414150927.0
008 260414t2014||||xx |||||||||||||| ||spa||
041 _aESP
082 _a628.24
_bP45
100 _aPérez Carmona, Rafael
_eAUT
245 0 _aDiseño y construcción de alcantarillados sanitarios, pluvial y drenaje en carreteras
_b
260 _c2014
300 _a582 páginas :
_c24 cm.
650 _aCNM
654 _aCCN
942 _cLIB
_dJUS
_fJUS
_2ddc
_n
999 _c23291
_d23291